Singer by song #1 - Statistics

General Stats
  • This quiz has been taken 31 times
  • The average score is 10 of 15
Answer Stats
Hint Answer % Correct
Poker face Lady Gaga
100%
Fireworks Katy Perry
92%
Not like us Kendrick Lamar
81%
Good 4 U Olivia Rodrigo
81%
Yellow Coldplay
77%
Manchild Sabrina Carpenter
69%
Kill bill SZA
69%
The fate of Ophelia Taylor Swift
69%
Greedy Tate Mcrae
65%
Back to friends Sombr
62%
One dance Drake
58%
Sugar on my tongue Tyler the creator
46%
The subway Chappell Roan
42%
Cry for me The Weeknd
38%
DTFM Bad Bunny
19%
No matching quizzes found
Score Distribution
Percent of People with Each Score
Percentile by Number Answered
Your Score History
You have not taken this quiz